|
|
|
|
| LEADER |
00000nam0a2200000 4500 |
| 001 |
195008 |
| 005 |
20231101224607.0 |
| 010 |
|
|
|a 9785982986368
|
| 035 |
|
|
|a (RuTPU)RU\TPU\book\212689
|
| 090 |
|
|
|a 195008
|
| 100 |
|
|
|a 20110428d2010 m y0rusy50 ca
|
| 101 |
0 |
|
|a rus
|
| 102 |
|
|
|a RU
|
| 105 |
|
|
|a a j 001zy
|
| 200 |
1 |
|
|a Физические свойства коллекторов и пластовых флюидов
|e учебное пособие
|f А. Т. Росляк
|g Национальный исследовательский Томский политехнический университет (ТПУ)
|
| 210 |
|
|
|a Томск
|c Изд-во ТПУ
|d 2010
|
| 215 |
|
|
|a 128 с.
|c ил.
|
| 320 |
|
|
|a Библиогр.: с. 125.
|
| 330 |
|
|
|a Учебное пособие ставит целью ускоренное освоение общепринятой терминологии физики пласта и ее методологической направленности. В пособии приведены основные сведения о фильтрационно-емкостных, физико-механических и тепловых свойствах горных пород, составе и физико-химических свойствах пластовых флюидов, насыщающих породы-коллекторы. Представлены процессы фазовых переходов углеводородных систем, описаны поверхностно-молекулярные явления, происходящие в пласте, свойства системы нефть-газ-вода-порода, определяющие фильтрацию пластовых флюидов в пористых средах, режимы работы залежей. Содержит много иллюстративного материала, в том числе оригинального. Пособие предназначено для студентов, обучающихся по направлению «Нефтегазовое дело».
|
| 452 |
|
1 |
|0 (RuTPU)RU\TPU\book\212075
|t Физико-химические основы металлургических процессов
|o учебное пособие
|f А. П. Родзевич
|g Национальный исследовательский Томский политехнический университет (ТПУ), Юргинский технологический институт (ЮТИ)
|c Томск
|n Изд-во ТПУ
|d 2010
|a Родзевич, Александр Павлович
|
| 606 |
1 |
|
|a Газовые пласты-коллекторы
|x Физико-механические свойства
|2 stltpush
|3 (RuTPU)RU\TPU\subj\4664
|9 32909
|
| 606 |
1 |
|
|a Нефтяные пласты-коллекторы
|x Физико-механические свойства
|2 stltpush
|3 (RuTPU)RU\TPU\subj\46007
|9 65195
|
| 610 |
1 |
|
|a пластовые флюиды
|
| 610 |
1 |
|
|a физические свойства
|
| 610 |
1 |
|
|a нефть
|
| 610 |
1 |
|
|a газ
|
| 610 |
1 |
|
|a горные породы-коллекторы
|
| 610 |
1 |
|
|a углеводородные системы
|
| 610 |
1 |
|
|a фазовые состояния
|
| 610 |
1 |
|
|a пластовые воды
|
| 610 |
1 |
|
|a молекулярно-поверхностные свойства
|
| 610 |
1 |
|
|a система нефть-газ-вода-природа
|
| 610 |
1 |
|
|a залежи
|
| 610 |
1 |
|
|a режимы работы
|
| 610 |
1 |
|
|a учебные пособия
|
| 610 |
1 |
|
|a труды учёных ТПУ
|
| 675 |
|
|
|a 552.578.2.061.4:53(075.8)
|v 3
|
| 700 |
|
1 |
|a Росляк
|b А. Т.
|c российский геолог
|c профессор Томского политехнического университета, доктор технических наук
|f 1946-
|g Александр Тихонович
|2 stltpush
|3 (RuTPU)RU\TPU\pers\26103
|
| 712 |
0 |
2 |
|a Национальный исследовательский Томский политехнический университет (ТПУ)
|c (2009- )
|2 stltpush
|3 (RuTPU)RU\TPU\col\15902
|
| 801 |
|
1 |
|a RU
|b 63413507
|c 20110428
|
| 801 |
|
2 |
|a RU
|b 63413507
|c 20110510
|g RCR
|
| 900 |
|
|
|a Физика нефтяного и газового пласта
|
| 942 |
|
|
|c BK
|
| 953 |
|
|
|b 131000
|